书目信息 |
| 题名: |
中国历史大事编年
|
|
| 作者: | 张福裕 , 刘占武 编著 | |
| 分册: | 第2卷 三国两晋南北朝隋唐 | |
| 出版信息: | 北京 北京出版社 1987 |
|
| 页数: | 814页 | |
| 开本: | 20cm | |
| 丛书名: | ||
| 单 册: | ||
| 中图分类: | K208 | |
| 科图分类: | ||
| 主题词: | 历史年表-中国--高等教育--教学参考资料 | |
| 电子资源: | ||
| ISBN: | 7-200-00296-8 | |
| 000 | 00883nam0 2200265 45 | |
| 001 | 0187008386 | |
| 005 | 20050419110958.0 | |
| 010 | @a7-200-00296-8@dCNY12.40 | |
| 100 | @a19900830d1987 em y0chiy0121 ea | |
| 101 | 0 | @achi |
| 102 | @aCN@b110000 | |
| 105 | @ay z 000yy | |
| 200 | 10 | @a中国历史大事编年@Azhong guo li shi da shi bian nian@h第2卷@i三国两晋南北朝隋唐@f张福裕, 刘占武编著@FZhang Fu Yu,Liu Zhan Wu Bian Zhu |
| 210 | @a北京@c北京出版社@d1987 | |
| 215 | @a814页@d20cm | |
| 300 | @a高等学校文科教学参考书 | |
| 517 | 1 | @a三国两晋南北朝隋唐@Asan guo liang jin nan bei chao sui tang |
| 606 | @a历史年表-中国@x高等教育@x教学参考资料 | |
| 607 | @a中国@x历史年表@x高等教育@x教学参考资料 | |
| 690 | @aK208@v3 | |
| 701 | 0 | @a张福裕@4编著 |
| 701 | 0 | @a刘占武@4编著 |
| 801 | 0 | @aCN@b深圳图书馆@c20040505 |
| 801 | 2 | @aCN@bNLC@c20040505 |
| 905 | @dK208@e12:2@b220618@f1 | |
| 中国历史大事编年.第2卷.三国两晋南北朝隋唐/张福裕, 刘占武编著.-北京:北京出版社,1987 |
| 814页;20cm |
| 高等学校文科教学参考书 |
| ISBN 7-200-00296-8:CNY12.40 |
| ● |
| 相关链接 |
|
|
|
|
正题名:中国历史大事编年
索取号:K208/12:2
 
预约/预借
| 序号 | 登录号 | 条形码 | 馆藏地/架位号 | 状态 | 备注 |
| 1 | 0220618 | 001988843 | 第二借阅区/ [索取号:K208/12:2] | 在馆 | |
| 2 | 0220619 | 202113532 | 第二样本阅览室/ [索取号:K208/12:2] | 在馆 |